000 00662nam a2200265Ia 4500
005 20260324153147.0
008 008 260324s9999 xx 000 0 eng d
020 _a9781569906743
037 _aEBOOK
040 _aCRL
040 _beng
040 _cCRL
041 _2eng
041 _aeng
084 _qCRL
100 _aLinhares, Felipe
_91230748
245 0 _aDevelopment of Biodiesel-Resistant Nitrile Rubber Compositions
260 _bElsevier
260 _c2017
650 _aMaterials Science
856 _uhttps://www.sciencedirect.com/science/book/9781569906743
942 _cEBOOK
999 _c1842000
_d1842000